000 00541nam a2200217Ia 4500
003 OSt
005 20230413152003.0
008 210423s2009 xx 000 0 und d
020 _a9780135025291
040 _cAL
041 _aeng
082 _a658.159 ADEP
_223
100 _aADELMAN (Philip J);MARKS (Alan M).
_988173
245 _aEntrepreneurial finance.
250 _a5
260 _aNew Jersey
_bPrentice Hall
_c2009
300 _ax,446
_bPB
365 _b4380
_cINR
906 _aEntrepreneurial ; finance.
942 _2ddc
_cBK
999 _c159202
_d159202